000
00250nam a2200097Ia 4500
001
1204032
005
20250827022720.0
008
250824s9999 xx 000 0 und d
245
0
_a
AFACANLAR ÇETESİ
_c
NESRİN AYDIN ERDEM
260
_b
ÇOCUK GEZGİNİ
999
_c
1204032
_d
1204032